Capăt de linie

Stručný prehľad o autorovi Stere Bucovală.

Guardado en:
Detalles Bibliográficos
Autor principal: Spiridon, Vasile, 1958-
Formato: Capítulo de libro
Lenguaje:rumano
Materias:
Etiquetas: Agregar Etiqueta
Sin Etiquetas, Sea el primero en etiquetar este registro!

MARC

LEADER 00000naa a2200000 4500
001 0278965
005 20240502083846.7
041 0 |a rum 
044 |a RO 
245 1 0 |a Capăt de linie  |c Vasile Spiridon 
520 |a Stručný prehľad o autorovi Stere Bucovală. 
610 2 0 |a literatúra 
610 2 0 |a kultúra 
610 2 0 |a analýzy 
610 2 0 |a osobnosť 
100 1 |a Spiridon, Vasile, 1958-